<?xml version="1.0" encoding="UTF-8"?>
<record
    xmlns:xsi="http://www.w3.org/2001/XMLSchema-instance"
    xsi:schemaLocation="http://www.loc.gov/MARC21/slim http://www.loc.gov/standards/marcxml/schema/MARC21slim.xsd"
    xmlns="http://www.loc.gov/MARC21/slim">

  <leader>00960nam0a2200265   4500</leader>
  <controlfield tag="001">RU\NLR\bibl\390482</controlfield>
  <controlfield tag="005">20250721120638.0</controlfield>
  <datafield tag="010" ind1=" " ind2=" ">
    <subfield code="a">5-98037-002-1</subfield>
    <subfield code="9">600</subfield>
  </datafield>
  <datafield tag="035" ind1=" " ind2=" ">
    <subfield code="a">(NLR Aleph) 000384787</subfield>
  </datafield>
  <datafield tag="090" ind1=" " ind2=" ">
    <subfield code="a">478273</subfield>
    <subfield code="c">478273</subfield>
  </datafield>
  <datafield tag="100" ind1=" " ind2=" ">
    <subfield code="a">20030416d2002    |||y0rusy50      ca</subfield>
  </datafield>
  <datafield tag="101" ind1="0" ind2=" ">
    <subfield code="a">rus</subfield>
  </datafield>
  <datafield tag="102" ind1=" " ind2=" ">
    <subfield code="a">RU</subfield>
  </datafield>
  <datafield tag="105" ind1=" " ind2=" ">
    <subfield code="a">a   |||||||||</subfield>
  </datafield>
  <datafield tag="200" ind1="1" ind2=" ">
    <subfield code="a">&#x41C;&#x43E;&#x435; &#x436;&#x438;&#x437;&#x43D;&#x435;&#x43E;&#x43F;&#x438;&#x441;&#x430;&#x43D;&#x438;&#x435;</subfield>
    <subfield code="f">&#x412;.&#x410;. &#x41E;&#x43F;&#x43F;&#x435;&#x43B;&#x44C;</subfield>
    <subfield code="g">&#x421;-&#x41F;&#x435;&#x442;&#x435;&#x440;&#x431;. &#x43C;&#x435;&#x434;. &#x430;&#x43A;&#x430;&#x434;. &#x43F;&#x43E;&#x441;&#x43B;&#x435;&#x434;&#x438;&#x43F;&#x43B;&#x43E;&#x43C;. &#x43E;&#x431;&#x440;&#x430;&#x437;&#x43E;&#x432;&#x430;&#x43D;&#x438;&#x44F;</subfield>
  </datafield>
  <datafield tag="210" ind1=" " ind2=" ">
    <subfield code="a">&#x421;&#x41F;&#x431;.</subfield>
    <subfield code="c">&#x421;&#x41F;&#x431;&#x41C;&#x410;&#x41F;&#x41E;</subfield>
    <subfield code="d">2002</subfield>
  </datafield>
  <datafield tag="215" ind1=" " ind2=" ">
    <subfield code="a">447 &#x441;.</subfield>
    <subfield code="c">&#x438;&#x43B;., &#x444;&#x430;&#x43A;&#x441;., &#x43F;&#x43E;&#x440;&#x442;&#x440;.</subfield>
    <subfield code="d">25</subfield>
  </datafield>
  <datafield tag="600" ind1=" " ind2="1">
    <subfield code="a">&#x41E;&#x43F;&#x43F;&#x435;&#x43B;&#x44C;</subfield>
    <subfield code="b">&#x412;.&#x410;.</subfield>
    <subfield code="f">1872 - 1932</subfield>
    <subfield code="g">&#x412;&#x43B;&#x430;&#x434;&#x438;&#x43C;&#x438;&#x440; &#x410;&#x43D;&#x434;&#x440;&#x435;&#x435;&#x432;&#x438;&#x447;</subfield>
    <subfield code="9">1770868</subfield>
    <subfield code="3">RU\NLR\auth\66795194</subfield>
  </datafield>
  <datafield tag="686" ind1=" " ind2=" ">
    <subfield code="a">&#x420;.&#x433;(2)7&#x434; &#x41E;&#x43F;&#x43F;&#x435;&#x43B;&#x44C;</subfield>
  </datafield>
  <datafield tag="700" ind1=" " ind2="1">
    <subfield code="a">&#x41E;&#x43F;&#x43F;&#x435;&#x43B;&#x44C;</subfield>
    <subfield code="b">&#x412;. &#x410;.</subfield>
    <subfield code="f">1872-</subfield>
    <subfield code="g">&#x412;&#x43B;&#x430;&#x434;&#x438;&#x43C;&#x438;&#x440; &#x410;&#x43D;&#x434;&#x440;&#x435;&#x435;&#x432;&#x438;&#x447;</subfield>
    <subfield code="4">070</subfield>
  </datafield>
  <datafield tag="801" ind1=" " ind2="0">
    <subfield code="a">RU</subfield>
    <subfield code="b">NLR</subfield>
    <subfield code="c">20030416</subfield>
    <subfield code="g">PSBO</subfield>
  </datafield>
  <datafield tag="801" ind1=" " ind2="1">
    <subfield code="a">RU</subfield>
    <subfield code="b">NLR</subfield>
    <subfield code="c">20030416</subfield>
  </datafield>
  <datafield tag="942" ind1=" " ind2=" ">
    <subfield code="c">BOOK</subfield>
  </datafield>
  <datafield tag="980" ind1=" " ind2=" ">
    <subfield code="a">NB</subfield>
  </datafield>
  <datafield tag="995" ind1=" " ind2=" ">
    <subfield code="5">2003-04-16</subfield>
    <subfield code="a">ab</subfield>
    <subfield code="b">NLR01</subfield>
    <subfield code="c">NLR01</subfield>
    <subfield code="e">RF3</subfield>
    <subfield code="f">1-551864</subfield>
    <subfield code="k">2003-7/1933</subfield>
    <subfield code="o">0</subfield>
    <subfield code="r">BOOK</subfield>
    <subfield code="s">200371933_</subfield>
  </datafield>
  <datafield tag="995" ind1=" " ind2=" ">
    <subfield code="5">2004-10-13</subfield>
    <subfield code="a">ab</subfield>
    <subfield code="b">NLR01</subfield>
    <subfield code="c">NLR01</subfield>
    <subfield code="e">RF3</subfield>
    <subfield code="f">771080</subfield>
    <subfield code="k">2003-7/1933</subfield>
    <subfield code="o">0</subfield>
    <subfield code="r">BOOK</subfield>
    <subfield code="s">200371933_</subfield>
  </datafield>
</record>
